Intro stats / (Record no. 1311)

000 -LEADER
fixed length control field 01096cam a22003134a 4500
003 - CONTROL NUMBER IDENTIFIER
control field OSt
005 - DATE AND TIME OF LATEST TRANSACTION
control field 20210625083145.0
008 - FIXED-LENGTH DATA ELEMENTS--GENERAL INFORMATION
fixed length control field 040816s2006 maua 001 0 eng
020 ## - INTERNATIONAL STANDARD BOOK NUMBER
International Standard Book Number 0321286715 (SE)
020 ## - INTERNATIONAL STANDARD BOOK NUMBER
International Standard Book Number 032128724X (IE)
040 ## - CATALOGING SOURCE
Transcribing agency DLC
042 ## - AUTHENTICATION CODE
Authentication code pcc
050 00 - LIBRARY OF CONGRESS CALL NUMBER
Classification number QA276.12
Item number .D4 2006
100 1# - MAIN ENTRY--PERSONAL NAME
Personal name De Veaux, Richard D.
245 10 - TITLE STATEMENT
Title Intro stats /
Statement of responsibility, etc. Richard D. De Veaux, Paul F. Velleman, David E. Bock.
250 ## - EDITION STATEMENT
Edition statement 2nd ed.
260 ## - PUBLICATION, DISTRIBUTION, ETC.
Place of publication, distribution, etc. Boston :
Name of publisher, distributor, etc. Pearson Addison Wesley,
Date of publication, distribution, etc. c2006.
300 ## - PHYSICAL DESCRIPTION
Extent xxv, 677, 59 p. :
Other physical details ill. (some col.) ;
Dimensions 27 cm. +
Accompanying material 1 CD-ROM (4 3/4 in.)
500 ## - GENERAL NOTE
General note Includes indexes.
650 #0 - SUBJECT ADDED ENTRY--TOPICAL TERM
Topical term or geographic name entry element Statistics
Form subdivision Textbooks.
700 1# - ADDED ENTRY--PERSONAL NAME
Personal name Velleman, Paul F.,
Dates associated with a name 1949-
700 1# - ADDED ENTRY--PERSONAL NAME
Personal name Bock, David E.
906 ## - LOCAL DATA ELEMENT F, LDF (RLIN)
a 7
b cbc
c orignew
d 1
e ocip
f 20
g y-gencatlg
942 ## - ADDED ENTRY ELEMENTS (KOHA)
Source of classification or shelving scheme
Koha item type Book
Suppress in OPAC SO
Holdings
Withdrawn status Lost status Source of classification or shelving scheme Damaged status Not for loan Permanent Location Current Location Shelving location Date acquired Total Checkouts Full call number Barcode Date last seen Price effective from Koha item type Public note
          AU LIBRARY AU LIBRARY Open Shelf 25.06.2021   QA276.12 .D4 2006 28002965 25.06.2021 25.06.2021 Book SO

Powered by Koha